[Event "1/128 Finale"]
[Site "www.chess-mail.com"]
[Date "2015.08.30"]
[Round "1"]
[White "Huw"]
[Black "Guidom"]
[WhiteElo "999"]
[BlackElo "2200"]
[Result "1-0"]
[Round "1"]
1.d4 d5
2.c4 e6
3.Ng1f3 Ng8f6
4.Nb1c3 c6
5.e3 Bf8b4
6.Bf1d3 Nb8d7
7.O-O O-O
8.Qd1c2 h6
9.Bc1d2 dxc4
10.Bd3xc4 Nd7b6
11.Bc4d3 Bc8d7
12.Nc3e4 Bb4xd2
13.Nf3xd2 Nf6xe4
14.Nd2xe4 Nb6d5
15.a3 Qd8e7
16.Qc2c5 Qe7xc5
17.Ne4xc5 Bd7c8
18.b4 a6
19.Nc5e4 f6
20.Rf1c1 Bc8d7
21.Ne4d6 Ra8b8
22.h4 e5
23.Bd3c4 Bd7e6
24.e4 Nd5f4
25.g3 Be6xc4
26.gxf4 Bc4f7
27.dxe5 fxe5
28.fxe5 Bf7e6
29.Kg2 Be6g4
30.Kg3 h5
31.f4 Rf8d8
32.Ra1a2 Rd8d7
33.Ra2d2 Rd7e7
34.Rc1c3 Re7e6
35.Rc3d3 Kf8
36.Nd6c4 Re6e7
37.Nc4b6 Ke8
38.Rd3d6 Re7e6
39.Rd6xe6 Bg4xe6
40.f5 Be6b3
41.Rd2d7 Kf8
42.Kf4 Bb3c2
43.Rd7d2 Bc2b3
44.Nb6d7 { resign }
1-0

[Event "Eq:chibcha-Team USA : "]
[Site "www.chess-mail.com"]
[Date "2015.08.30"]
[Round "1"]
[White "Paes19"]
[Black "Uji40"]
[WhiteElo "1970"]
[BlackElo "1920"]
[Result "1-0"]
[Round "1"]
1.e4 e5
2.Ng1f3 Nb8c6
3.Bf1c4 Ng8f6
4.Nb1c3 h6
5.O-O Bf8c5
6.d3 d6
7.Rf1e1 Nf6g4
8.Bc1e3 Bc5xe3
9.fxe3 O-O
10.h3 Ng4f6
11.d4 Rf8e8
12.Bc4b5 Bc8d7
13.d5 Nc6b8
14.a4 c6
15.Bb5c4 Qd8c8
16.Bc4a2 Bd7xh3
17.Nf3h2 Nf6g4
18.gxh3 Ng4xh2
19.Kxh2 Qc8d8
20.Qd1g4 Nb8d7
21.Re1g1 Qd8f6
22.Ra1f1 Qf6g5
23.Qg4xd7 Qg5h5
24.Rf1f5 Qh5h4
25.Qd7xf7 { resign }
1-0

[Event "Eq:chibcha-Team USA : "]
[Site "www.chess-mail.com"]
[Date "2015.08.30"]
[Round "1"]
[White "Uji40"]
[Black "Paes19"]
[WhiteElo "1920"]
[BlackElo "1970"]
[Result "1-0"]
[Round "1"]
1.e4 e6
2.d4 Bf8e7
3.Ng1f3 c5
4.Bf1c4 d5
5.Bc4b5 Bc8d7
6.a4 c4
7.Nb1c3 a6
8.Bb5xd7 Qd8xd7
9.O-O Nb8c6
10.Rf1e1 Ng8f6
11.h3 O-O
12.Nf3e5 Nc6xe5
13.dxe5 Nf6e8
14.exd5 exd5
15.Nc3xd5 Ra8d8
16.Nd5xe7 Qd7xe7
17.Qd1e2 b5
18.axb5 axb5
19.c3 h6
20.Ra1a5 Rd8b8
21.Ra5a6 Rb8b7
22.Bc1xh6 f5
23.Ra6g6 Qe7h4
24.Re1d1 Kh7
25.Rd1d4 f4
26.Qe2e4 { resign }
1-0

[Event "Fast Game"]
[Site "www.echecsemail.com"]
[Date "2015.08.30"]
[Round "1"]
[White "Gatrooper"]
[Black "Aggiesam"]
[WhiteElo "1340"]
[BlackElo "1439"]
[Result "0-1"]
[Round "1"]
1.e4 e5
2.a3 Ng8f6
3.Nb1c3 Bf8c5
4.d3 O-O
5.Bc1e3 Nb8a6
6.Be3xc5 Na6xc5
7.h3 d6
8.Ng1f3 b6
9.d4 exd4
10.Nf3xd4 Nf6xe4
11.Nc3xe4 Nc5xe4
12.Bf1d3 Ne4c5
13.Qd1h5 Rf8e8
14.Nd4e2 Nc5xd3
15.cxd3 Qd8e7
16.O-O g6
17.Qh5f3 Bc8a6
18.Ra1e1 Qe7e5
19.Ne2g3 Qe5xb2
20.Re1xe8 Ra8xe8
21.a4 Qb2c2
22.Qf3g4 Ba6xd3
23.Rf1a1 h5
24.Qg4d4 Re8e5
25.Qd4h4 b5
26.axb5 Bd3xb5
27.Qh4d8 Re5e8
28.Qd8f6 a6
29.f4 Qc2c5
30.Kh2 Bb5c6
31.Ra1f1 Re8e6
32.Qf6d8 Bc6e8
33.Qd8b8 Qc5c4
34.Qb8b1 Be8c6
35.Qb1b8 Kg7
36.Qb8xc7 Qc4c2
37.Rf1g1 Re6e3
38.Qc7xd6 a5
39.Ng3f1 Re3e6
40.Qd6d4 Kf8
41.Qd4h8 Ke7
42.Qh8c8 Re6e1
43.Qc8c7 Kf6
44.Qc7d6 Kg7
45.Qd6d4 Kh7
46.Nf1e3 Re1xe3
47.Qd4xe3 a4
48.Qe3e7 Qc2f5
49.Rg1c1 Qf5xf4
50.Kh1 Qf4xc1
51.Kh2 Qc1d2
52.Qe7xf7 Kh6
53.Qf7f8 Kg5
54.Qf8c5 Bc6d5
55.h4 Kxh4
56.Qc5e7 Qd2g5
57.g3 Kg4
58.Qe7e2 Kf5
59.Qe2d3 Kf6
60.Qd3d4 Qg5e5
61.Qd4b6 Bd5e6
62.Qb6f2 Qe5f5
63.Qf2b2 Kf7
64.Qb2b7 Be6d7
65.Qb7g2 a3
66.Qg2a2 Bd7e6
67.Qa2xa3 Qf5f2
68.Kh1 Be6d5
69.Qa3f3 Bd5xf3

0-1

[Event "Tourn. n8292"]
[Site "www.chess-mail.com"]
[Date "2015.08.31"]
[Round "1"]
[White "Julian"]
[Black "Scasan55"]
[WhiteElo "1920"]
[BlackElo "1930"]
[Result "0-1"]
[Round "1"]
1.e4 c5
2.Ng1f3 d6
3.c3 Ng8f6
4.e5 dxe5
5.d3 Nb8c6
6.g3 e4
7.dxe4 Qd8xd1
8.Kxd1 Nf6xe4
9.Bc1e3 Bc8g4
10.Bf1e2 Ra8d8
11.Kc2 e6
12.Nb1d2 Ne4xd2
13.Be3xd2 Bf8e7
14.Ra1d1 O-O
15.Bd2e3 b6
16.Rd1xd8 Rf8xd8
17.Rh1d1 Rd8xd1
18.Kxd1 Kf8
19.Nf3g5 Bg4xe2
20.Kxe2 h6
21.Ng5e4 f5
22.Ne4d2 b5
23.Nd2b3 c4
24.Nb3d4 Nc6xd4
25.Be3xd4 a6
26.f4 g5
27.Kf3 g4
28.Kg2 Kf7
29.h3 h5
30.hxg4 hxg4
31.Kf2 Be7d6
32.Ke3 Ke7
33.Bd4b6 Kd7
34.Kd4 Kc6
35.Bb6a7 Bd6c7
36.Ba7c5 Bc7d6
37.Bc5a7 a5
38.b3 cxb3
39.axb3 a4
40.bxa4 bxa4
41.Kc4 a3
42.Kb3 Kd5
43.Ba7d4 Ke4
44.Bd4f2 Kf3
{ resign }
0-1

[Event "Tourn. n8334"]
[Site "www.chess-mail.com"]
[Date "2015.08.31"]
[Round "1"]
[White "Amaya"]
[Black "Falcoale"]
[WhiteElo "1900"]
[BlackElo "1890"]
[Result "1-0"]
[Round "1"]
1.d4 Ng8f6
2.e3 e6
3.Bf1d3 b6
4.f4 Bc8b7
5.Ng1f3 d6
6.Nb1d2 Bf8e7
7.O-O O-O
8.c3 Nb8d7
9.a3 c5
10.Qd1e2 cxd4
11.cxd4 Nf6d5
12.Nd2e4 Nd5c7
13.Qe2f2 Nd7f6
14.Nf3d2 Nf6xe4
15.Nd2xe4 f5
16.Ne4g5 h6
17.Ng5f3 Ra8b8
18.b4 Nc7d5
19.Bc1d2 Nd5f6
20.Ra1c1 Nf6e4
21.Bd2c3 Ne4xc3
22.Rc1xc3 Rb8c8
23.Rf1c1 Rc8xc3
24.Rc1xc3 Be7f6
25.Qf2c2 Bb7xf3
26.gxf3 Qd8e8
27.Rc3c7 a5
28.Bd3a6 e5
29.Qc2xf5 exd4
30.Ba6d3 dxe3
31.Qf5h7 
1-0

[Event "Tourn. n8340"]
[Site "www.chess-mail.com"]
[Date "2015.08.31"]
[Round "1"]
[White "Xkafi"]
[Black "Heiserman"]
[WhiteElo "2050"]
[BlackElo "2250"]
[Result "0-1"]
[Round "1"]
1.e4 c6
2.Bf1c4 d5
3.exd5 cxd5
4.Bc4b3 Ng8f6
5.d3 g6
6.Bc1f4 Bf8g7
7.h3 O-O
8.c3 Nb8d7
9.Nb1d2 Nd7c5
10.Bb3c2 Rf8e8
11.d4 Nc5e4
12.Ng1f3 Bc8f5
13.Nf3e5 Ra8c8
14.Bc2a4 Re8f8
15.Nd2f3 Qd8b6
16.Ba4b3 a5
17.Nf3h4 Bf5e6
18.Nh4f3 a4
19.Bb3xa4 Qb6xb2
20.O-O Ne4xc3
21.Qd1b3 Nc3e2
22.Kh1 Qb2xb3
23.axb3 Ne2xf4
24.Nf3g5 h6
25.Ng5xe6 Nf4xe6
26.Rf1d1 Rc8c2
27.f3 Nf6h5
28.b4 Rc2b2
29.b5 Nh5f4
30.g3 Nf4xh3
31.Ne5d3 Nh3f2
32.Nd3xf2 Rb2xf2
33.Ra1a3 Ne6xd4
34.f4 Nd4e2
35.b6 Ne2xg3
36.Kg1 Rf2b2
37.Ra3xg3 Rb2xb6
38.Rd1xd5 Rb6b4
39.Ba4b3 Rb4xf4
40.Rd5b5 b6
41.Rg3xg6 Kh8
42.Rg6g3 f5
43.Kg2 Bg7d4
44.Rg3g6 Rf4g4
45.Rg6xg4 fxg4
46.Bb3e6 Rf8f4
47.Kg3 Rf4f6
48.Be6xg4 Bd4c5
49.Kh4 e5
50.Rb5b3 e4
51.Kg3 e3
52.Rb3d3 Rf6g6
53.Kf4 Kg7
54.Rd3d7 Kf6
55.Rd7d5 Rg6xg4
56.Kxg4 e2
57.Rd5f5 Ke6
{ resign }
0-1

[Event "Tourn. n8330"]
[Site "www.chess-mail.com"]
[Date "2015.08.31"]
[Round "1"]
[White "Luban"]
[Black "Eusegon"]
[WhiteElo "2090"]
[BlackElo "2120"]
[Result "1-0"]
[Round "1"]
1.d4 Ng8f6
2.c4 e6
3.a3 c5
4.e3 d5
5.Ng1f3 Nb8c6
6.Bf1e2 dxc4
7.Be2xc4 cxd4
8.Nf3xd4 Nc6xd4
9.exd4 Bf8e7
10.Bc1e3 O-O
11.Nb1c3 Bc8d7
12.O-O a6
13.Bc4e2 Bd7c6
14.Be2f3 Nf6d5
{ time. }
1-0

[Event "Tourn. n8322"]
[Site "www.chess-mail.com"]
[Date "2015.08.31"]
[Round "1"]
[White "Estonia"]
[Black "Groz"]
[WhiteElo "1809"]
[BlackElo "1830"]
[Result "1-0"]
[Round "1"]
1.d4 d5
2.c4 Bc8f5
3.Nb1c3 e6
4.e3 Ng8f6
5.Ng1f3 Bf8b4
6.Bc1d2 O-O
7.cxd5 exd5
8.Bf1e2 c6
9.a3 Bb4d6
10.O-O Nb8d7
11.Nf3h4 Bf5g6
12.Nh4xg6 hxg6
13.f4 Rf8e8
14.Be2g4 Nf6e4
15.Nc3xe4 dxe4
16.Bg4xd7 Qd8xd7
17.b4 f5
18.Qd1b3 Qd7f7
19.Qb3xf7 Kxf7
20.Rf1c1  { time }
1-0

[Event "Tourn. n8326"]
[Site "www.chess-mail.com"]
[Date "2015.08.31"]
[Round "1"]
[White "Amaya"]
[Black "Attatroll"]
[WhiteElo "1880"]
[BlackElo "1900"]
[Result "1-0"]
[Round "1"]
1.e4 c6
2.Nb1c3 d5
3.exd5 cxd5
4.d4 Nb8c6
5.Bc1d2 Bc8f5
6.a3 e6
7.Ng1f3 Bf8d6
8.Nc3b5 Bd6b8
9.Bf1e2 a6
10.Nb5c3 Ng8f6
11.O-O O-O
12.Nf3e5 Nc6xd4
13.Ne5d3 Nd4xe2
14.Nc3xe2 Bf5xd3
15.cxd3 Bb8d6
16.Bd2g5 h6
17.Bg5h4 Qd8c7
18.Bh4xf6 gxf6
19.Qd1d2 Bd6xh2
20.Kh1 Kg7
21.g3 Bh2xg3
22.Ne2xg3 Rf8h8
23.Rf1g1 Ra8g8
24.Ng3h5 Kf8
25.Rg1xg8 Kxg8
26.Ra1c1 Qc7e5
27.Rc1c8 Kh7
28.Rc8xh8 Kxh8
29.Qd2xh6 Kg8
30.Qh6g7 
1-0

[Event "Match"]
[Site "www.echecsemail.com"]
[Date "2015.08.31"]
[Round "1"]
[White "Katze"]
[Black "Billyg"]
[WhiteElo "1599"]
[BlackElo "1620"]
[Result "0-1"]
[Round "1"]
1.Ng1f3 d6
2.d4 h6
3.c4 d5
4.cxd5 Qd8xd5
5.Nb1c3 Qd5c6
6.e4 Bc8g4
7.Bf1b5 Qc6xb5
8.Nc3xb5 Nb8a6
9.Qd1a4 c6
10.Nb5c3 O-O-O
11.Nf3e5 Bg4e6
 { time }
0-1

[Event "Match"]
[Site "www.echecsemail.com"]
[Date "2015.08.31"]
[Round "1"]
[White "Katze"]
[Black "Chapi"]
[WhiteElo "1599"]
[BlackElo "2080"]
[Result "0-1"]
[Round "1"]
1.b3 e5
2.Bc1b2 Nb8c6
3.e3 Ng8f6
4.c4 d5
5.cxd5 Nf6xd5
6.Nb1c3 Bf8b4
7.Bf1b5 Bc8d7
8.Ng1e2 O-O
9.Nc3xd5 Bb4d6
10.O-O a6
11.Bb5xc6 Bd7xc6
12.e4 f5
 { time }
0-1

[Event "Match"]
[Site "www.echecsemail.com"]
[Date "2015.08.31"]
[Round "1"]
[White "Bojan"]
[Black "Mitja"]
[WhiteElo "1950"]
[BlackElo "1910"]
[Result "0-1"]
[Round "1"]
1.e4 d5
2.exd5 Qd8xd5
3.Nb1c3 Qd5d8
4.Ng1f3 c6
5.d4 h6
6.d5 cxd5
7.Bf1b5 Bc8d7
8.Bb5xd7 Qd8xd7
9.Qd1xd5 Qd7c8
10.Bc1f4 e6
11.Qd5d3 Ng8f6
12.Nc3b5 Nb8a6
13.a3 Nf6d5
14.Bf4g3 Bf8e7
15.Bg3d6 Qc8d8
16.Bd6e5 Na6c7
17.Nb5xc7 Nd5xc7
18.Qd3c4 Ra8c8
19.Ra1d1 Nc7d5
20.Qc4e4 Qd8a5
21.c3 O-O
22.O-O Qa5b6
23.b4 Nd5f6
24.Qe4c2 Rf8d8
25.Rd1d3 Rd8xd3
26.Qc2xd3 Rc8d8
27.Qd3e2 a6
28.h3 Nf6d7
29.Be5d4 Qb6c7
30.Nf3h2 Be7f6
31.Nh2g4 Bf6xd4
32.cxd4 Qc7c3
33.Qe2e3 Rd8c8
34.Rf1e1 b5
35.Kh2 Qc3c7
36.g3 Qc7d8
37.h4 Nd7f6
38.Ng4e5 Nf6d5
39.Qe3f3 Qd8e7
40.Re1d1 Rc8c3
41.Rd1d3 Rc3c8
42.Kh3 g6
43.Rd3b3 Kg7
44.Ne5d3 Qe7d6
45.Nd3c5 h5
46.Qf3d3 f5
47.f3 Kf6
48.Rb3b2 Rc8e8
49.f4 Kg7
50.Rb2d2 Qd6c6
51.Qd3f3 Qc6d6
52.Rd2c2 Nd5f6
53.Qf3b7 Re8e7
54.Qb7xa6 Qd6d5
55.Rc2g2 Nf6g4
56.Qa6xb5 Ng4e3
57.Rg2h2 Qd5f3
58.Qb5e2 Qf3g4
{ resign }
0-1

[Event "Fast Game"]
[Site "www.echecsemail.com"]
[Date "2015.08.31"]
[Round "1"]
[White "Jhw"]
[Black "Mitja"]
[WhiteElo "1889"]
[BlackElo "1720"]
[Result "1-0"]
[Round "1"]
1.Ng1f3 d5
2.b3 e6
3.d3 c6
4.Bc1b2 Ng8f6
5.Nf3e5 Nb8d7
6.Ne5xd7 Bc8xd7
7.g3 Bf8e7
8.Bf1g2 c5
9.Nb1d2 Bd7c6
10.e3 b6
11.O-O Bc6b7
12.f4 O-O
13.g4 Ra8b8
14.g5 Nf6e8
15.Qd1g4 g6
16.c4 dxc4
17.Nd2xc4 Bb7xg2
18.Qg4xg2 Ne8g7
19.Nc4e5 Qd8c7
20.Ra1c1 Ng7f5
21.Rc1e1 Rb8c8
22.e4 Nf5d4
23.Re1c1 Nd4c6
24.Ne5g4 Rf8d8
25.Qg2f3 Be7f8
26.Ng4f6 { resign }
1-0

[Event "Tourn. n8295"]
[Site "www.chess-mail.com"]
[Date "2015.09.01"]
[Round "1"]
[White "Krystek23"]
[Black "Capitaine"]
[WhiteElo "2330"]
[BlackElo "2350"]
[Result "1-0"]
[Round "1"]
1.c4 Ng8f6
2.Nb1c3 g6
3.Ng1f3 Bf8g7
4.d4 d5
5.cxd5 Nf6xd5
6.e4 Nd5xc3
7.bxc3 O-O
8.Bf1e2 c5
9.O-O cxd4
10.cxd4 Nb8c6
11.Bc1e3 Bc8g4
12.d5 Bg4xf3
13.Be2xf3 Bg7xa1
14.Qd1xa1 Nc6a5
15.Be3h6 f6
16.Bh6xf8 Kxf8
17.e5 Ra8c8
18.d6 exd6
19.exf6 Na5c6
20.Rf1d1 Qd8d7
21.h3 Rc8e8
22.Qa1c1 Re8e5
23.Qc1h6 Ke8
24.Bf3d5 Re5xd5
25.Rd1xd5 Qd7e6
26.Qh6g5 Nc6e5
27.Rd5d1 Kf7
28.Qg5h6 Kxf6
29.Qh6xh7 Qe6e7
30.Qh7h8 Kf7
31.Qh8a8 Ne5c6
32.Rd1b1 Kf6
33.Rb1xb7 Qe7e1
34.Kh2 Qe1c1
35.Qa8f8 Ke6
36.Qf8f7 Ke5
37.Rb7b5 Kd4
38.Qf7d5 { resign }
1-0

[Event "Tourn. n8354"]
[Site "www.chess-mail.com"]
[Date "2015.09.01"]
[Round "1"]
[White "Jhw"]
[Black "Raulazo"]
[WhiteElo "2329"]
[BlackElo "2020"]
[Result "1-0"]
[Round "1"]
1.Ng1f3 Nb8c6
2.c4 e5
3.e3 Bf8c5
4.d4 exd4
5.exd4 Qd8e7
6.Bf1e2 Bc5b4
7.Bc1d2 Bb4xd2
8.Nb1xd2 Ng8f6
9.O-O O-O
10.Rf1e1 Qe7b4
11.b3 d6
12.Qd1c1 Bc8g4
13.a3 Qb4b6
14.Qc1c3 Bg4xf3
15.Be2xf3 Qb6a5
16.b4 Qa5g5
17.b5 Nc6d8
18.Re1e7 Nd8e6
19.Bf3xb7 Ra8b8
20.Nd2f3 Qg5f5
21.Bb7c6 Rf8d8
22.d5 Nf6e4
23.Qc3e1 Qf5f6
24.dxe6 Qf6xe7
25.Qe1xe4 fxe6
26.Bc6d5 Kh8
27.h4 e5
28.Nf3g5 g6
29.Ng5f7 Kg7
30.Nf7xd8 Qe7xd8
31.g3 Qd8f6
32.a4 Rb8f8
33.Ra1a2 g5
34.Qe4g4 Rf8d8
35.hxg5 Qf6g6
36.f4 Qg6b1
37.Kh2 Qb1xa2
38.Kh3 Qa2b1
39.f5 Qb1f1
40.Kh4 e4
41.Bd5xe4 Rd8e8
42.f6 Kf7
43.Qg4h5 { resign }
1-0

[Event "Tourn. n8319"]
[Site "www.chess-mail.com"]
[Date "2015.09.01"]
[Round "1"]
[White "Huw"]
[Black "Cl3537"]
[WhiteElo "999"]
[BlackElo "1440"]
[Result "1-0"]
[Round "1"]
1.d4 d5
2.c4 dxc4
3.Ng1f3 b6
4.e3 c5
5.Bf1xc4 Ng8f6
6.Nb1c3 e6
7.O-O Nb8c6
8.a3  { time }
1-0

[Event "Tourn. n8353"]
[Site "www.chess-mail.com"]
[Date "2015.09.01"]
[Round "1"]
[White "Hansen"]
[Black "Gatrooper"]
[WhiteElo "1530"]
[BlackElo "1510"]
[Result "0-1"]
[Round "1"]
1.e4 e5
2.Nb1c3 Ng8f6
3.Ng1f3 Nb8c6
4.Bf1b5 a6
5.Bb5xc6 dxc6
6.Nf3xe5 Bf8d6
7.Ne5c4 Bc8e6
8.Nc4e3 Bd6c5
9.Ne3f1 Qd8d4
10.Nf1e3 h6
11.b3 Nf6g4
12.Ne3xg4 Be6xg4
13.Qd1xg4 Qd4xf2
14.Kd1 Ra8d8
15.Qg4xg7 Rh8f8
16.Qg7xh6 Qf2xg2
17.Rh1e1 Qg2f3
18.Nc3e2 Bc5b4
19.c3 Bb4c5
20.Qh6g5 Rd8d7
21.Qg5e5 Bc5e7
22.a4 f6
23.Qe5g3 Qf3xe4
24.Ne2f4 Qe4h7
25.Bc1b2 Qh7h6
26.d4 Kd8
27.Nf4e6 Kc8
28.Bb2c1 Qh6h5
29.Kc2 Rf8e8
30.Ne6g7 Re8g8
31.b4 Be7d6
32.Qg3g2 Rd7xg7
33.Qg2f2 Rg7g2
34.Qf2xg2 Rg8xg2
35.Bc1d2 Qh5g5
36.Re1e8 Kd7
37.Re8e3 Qg5xe3
38.Kb3 Qe3xd2
39.Ra1a2 Qd2xa2
{ resign }
0-1

[Event "Tourn. n8369"]
[Site "www.chess-mail.com"]
[Date "2015.09.01"]
[Round "1"]
[White "Madz123456"]
[Black "Xkafi"]
[WhiteElo "2220"]
[BlackElo "2090"]
[Result "1-0"]
[Round "1"]
1.e4 e5
2.Ng1f3 Nb8c6
3.Bf1c4 Bf8c5
4.c3 h6
5.d4 exd4
6.cxd4 Bc5b4
7.Bc1d2 a5
8.O-O Ng8f6
9.d5 Bb4xd2
10.dxc6 Bd2b4
11.e5 Nf6h5
12.Qd1d5 O-O
13.cxb7 Bc8xb7
14.Qd5xb7 c6
15.Rf1d1 Qd8e7
16.Rd1xd7 Qe7e8
17.Rd7xf7 Kh8
18.Nf3h4 Rf8xf7
19.Bc4xf7 Qe8d8
20.Bf7xh5 Ra8b8
21.Nh4g6 Kh7
22.Qb7f7 Qd8g5
23.Nb1a3 Rb8d8
24.f4 { resign }
1-0

[Event "Tourn. n8317"]
[Site "www.chess-mail.com"]
[Date "2015.09.01"]
[Round "1"]
[White "Louis"]
[Black "Azorau"]
[WhiteElo "1680"]
[BlackElo "1529"]
[Result "0-1"]
[Round "1"]
1.e4 e5
2.Nb1c3 Ng8f6
3.Ng1f3 Nb8c6
4.Bf1b5 Bf8c5
5.O-O O-O
6.Nf3xe5 Nc6xe5
7.d4 Ne5g6
8.dxc5 c6
9.Bb5c4 b5
10.Bc4b3 b4
11.Nc3a4 Bc8a6
12.Rf1e1 Rf8e8
13.f3 Ba6b5
14.Bc1e3 Qd8c7
15.a3 Bb5xa4
16.Bb3xa4 Ra8b8
17.Ba4b3 a5
18.axb4 axb4
19.Ra1a4 Re8e5
20.Qd1d6 Qc7d8
21.Be3f4 Nf6e8
22.Qd6d4 Qd8f6
23.Bf4xe5 Qf6g5
24.Be5xb8 h5
25.Ra4xb4 Ng6h4
26.Qd4e3 Qg5xg2

0-1

[Event "Tourn. n8374"]
[Site "www.chess-mail.com"]
[Date "2015.09.01"]
[Round "1"]
[White "Culiflori"]
[Black "Bojan"]
[WhiteElo "1970"]
[BlackElo "1940"]
[Result "1-0"]
[Round "1"]
1.e4 e5
2.Ng1f3 d6
3.d4 exd4
4.Nf3xd4 g6
5.Nb1c3 Bc8d7
6.Bf1c4 Bf8g7
7.Bc1e3 Nb8c6
8.Qd1f3 Nc6e5
9.Qf3e2 a6
10.Bc4b3 c6
11.h3 c5
12.Nd4f3 h6
13.O-O-O Qd8e7
14.Nc3d5 Qe7d8
15.Nf3xe5 Bg7xe5
16.f4 Be5g7
17.e5 dxe5
18.Be3xc5 Bd7e6
19.Nd5b6 Qd8c7
20.Nb6xa8 Qc7xc5
21.Bb3xe6 fxe6
22.Qe2d3 Qc5e7
23.Qd3xg6 Kf8
24.Na8b6 Qe7e8
25.Nb6d7 Ke7
26.Qg6xg7 { resign }
1-0

[Event "Tourn. n8321"]
[Site "www.chess-mail.com"]
[Date "2015.09.01"]
[Round "1"]
[White "Francesco"]
[Black "Fangshuo"]
[WhiteElo "2090"]
[BlackElo "2090"]
[Result "0-1"]
[Round "1"]
1.e4 e6
2.d4 d5
3.exd5 exd5
4.Bf1d3 c5
5.dxc5 Bf8xc5
6.Ng1f3 Ng8f6
7.Qd1e2 Bc8e6
8.O-O O-O
9.Bc1g5 Nb8d7
10.Rf1e1 Qd8b6
11.b3 Nf6g4
12.Bg5h4 Rf8e8
13.Qe2d2 d4
14.h3 Bc5b4
15.c3 dxc3
16.Nb1xc3 Ra8c8
17.Ra1c1 Ng4f6
18.Bh4xf6 Nd7xf6
19.Nf3g5 g6
20.Ng5xe6 Re8xe6
21.Re1xe6 Qb6xe6
22.Bd3c4 Qe6e5
23.Rc1e1 Qe5xc3
24.Qd2xc3 Bb4xc3
25.Re1e7 Rc8f8
26.Re7xb7 a5
27.Rb7b6 Nf6d7
28.Rb6b7 Nd7e5
29.Bc4d5 Ne5d3
30.Rb7c7 Bc3e5
31.Rc7d7 Nd3b4
32.a3 Nb4xd5
33.Rd7xd5 Be5c7
34.Rd5d7 Bc7e5
35.Rd7d5 Be5c7
36.Rd5c5 Rf8c8
37.Kf1 Kf8
38.Rc5c6 Ke7
39.Rc6c2 Kd7
40.Rc2d2 Bc7d6
41.Rd2d3 Ke6
42.f3 Bd6xa3
{ resign }
0-1

[Event "Tourn. n8332"]
[Site "www.chess-mail.com"]
[Date "2015.09.01"]
[Round "1"]
[White "Sfalcao"]
[Black "Pariolinius"]
[WhiteElo "1920"]
[BlackElo "1990"]
[Result "1-0"]
[Round "1"]
1.e4 c5
2.Ng1f3 e6
3.d4 cxd4
4.Nf3xd4 e5
5.Nd4f3 Nb8c6
6.Bf1c4 h6
7.O-O Ng8f6
8.Rf1e1 Bf8c5
9.Nb1c3 O-O
10.Nc3d5 d6
11.a3 Bc8g4
12.Qd1d3 Nc6d4
13.Nf3xd4 Bc5xd4
14.c3 Bd4c5
15.b4 Bc5b6
16.Nd5xb6 Qd8xb6
17.Qd3g3 h5
18.h3 Bg4d7
19.Bc1h6 Kh7
20.Qg3xg7 
1-0

[Event "Match"]
[Site "www.echecsemail.com"]
[Date "2015.09.01"]
[Round "1"]
[White "Irene"]
[Black "Johndyson"]
[WhiteElo "1970"]
[BlackElo "2390"]
[Result "0-1"]
[Round "1"]
1.d4 d5
2.Ng1f3 Ng8f6
3.e3 c5
4.dxc5 e6
5.b4 a5
6.c3 axb4
7.cxb4 b6
8.Bc1a3 bxc5
9.bxc5 Ra8xa3
10.Nb1xa3 Qd8a5
11.Nf3d2 Qa5xa3
12.Qd1b3 Qa3a7
13.Ra1b1 Nf6d7
14.Bf1b5 Bf8xc5
15.Bb5xd7 Nb8xd7
16.Qb3b5 Bc8a6
17.Qb5a4 Bc5xe3
18.fxe3 Qa7xe3
19.Kd1 Ba6e2
20.Kc1 O-O
21.Qa4xd7 Qe3c3
{ resign }
0-1

[Event "Match"]
[Site "www.echecsemail.com"]
[Date "2015.09.01"]
[Round "1"]
[White "Pinehill"]
[Black "Bojan"]
[WhiteElo "1950"]
[BlackElo "1950"]
[Result "1-0"]
[Round "1"]
1.e4 e5
2.d4 exd4
3.c3 dxc3
4.Bf1c4 Qd8f6
5.Nb1xc3 Bf8c5
6.Ng1f3 h6
7.O-O c6
8.e5 Qf6g6
9.Rf1e1 Ng8e7
10.Bc1f4 f5
11.Qd1c2 d6
12.exd6 Bc5xd6
13.Bf4xd6 Qg6xd6
14.Ra1d1 Qd6f6
15.Nf3d4 Nb8a6
16.Nd4e6 Bc8d7
17.Bc4xa6 Bd7xe6
18.Ba6xb7 Ra8b8
19.Bb7xc6 Kf7
20.Rd1d6 Ne7xc6
21.Re1xe6 Qf6xe6
22.Rd6xe6 Kxe6
23.g4 g6
24.Qc2e2 Kd7
25.gxf5 Nc6e7
26.fxg6 Rh8g8
27.Qe2d3 Ke8
28.Kf1 Rg8xg6
29.Nc3d5 Rg6c6
30.Nd5xe7 Kxe7
31.Qd3h7 Kd8
32.Qh7xa7 Rb8c8
33.b4 Rc8c7
34.Qa7a8 Rc7c8
35.Qa8a5 Kd7
36.a4 Rc6c7
37.Qa5d5 Ke7
38.b5 Rc7d7
39.Qd5e5 Kd8
40.Qe5f6 Kc7
41.Qf6xh6 Kb8
42.Qh6f4 Ka7
43.Qf4e3 Kb8
44.Qe3g3 Ka7
45.a5 Rd7b7
46.b6 Ka8
47.Qg3f3 Kb8
48.Qf3f6 Ka8
49.a6 Rb7xb6
50.Qf6xb6 Rc8c1
51.Kg2 Rc1g1
52.Kf3 Rg1g3
53.Ke2 { resign }
1-0

[Event "Match"]
[Site "www.echecsemail.com"]
[Date "2015.09.01"]
[Round "1"]
[White "Manolinex"]
[Black "Micheles"]
[WhiteElo "2710"]
[BlackElo "2570"]
[Result "1-0"]
[Round "1"]
1.e4 c6
2.Nb1c3 d5
3.d4 dxe4
4.Nc3xe4 Bc8f5
5.Ne4g3 Bf5g6
6.Ng1f3 Nb8d7
7.Bf1d3 Bg6xd3
8.Qd1xd3 Ng8f6
9.O-O e6
10.Bc1f4 Bf8e7
11.c4 O-O
12.Rf1e1 Rf8e8
13.h3 Qd8a5
14.Bf4d2 Qa5c7
15.Bd2c3 Ra8d8
16.Ra1d1 h6
17.a4 a5
18.b3 Nd7f8
19.Nf3e5 Nf8d7
20.Qd3e2 Qc7b6
21.Rd1d3 Nd7xe5
22.dxe5 Rd8xd3
23.Qe2xd3 Nf6h7
24.Qd3c2 Re8d8
25.Re1d1 Nh7f8
26.Ng3e4 Nf8d7
27.Rd1d2 Nd7c5
28.Bc3d4 Be7f8
29.Kf1 Qb6b4
30.Bd4xc5 Rd8xd2
31.Qc2xd2 Qb4xd2
32.Ne4xd2 Bf8xc5
33.Nd2e4 Bc5d4
34.f4 g5
35.fxg5 hxg5
36.Ne4xg5 Bd4xe5
37.Ng5e4 b6
38.c5 bxc5
39.Ke2 c4
40.bxc4 Kg7
41.g4 Kg6
42.Kf3 Be5d4
43.g5 Kh5
44.Ne4d6 Kg6
45.h4 Bd4c5
46.Nd6b7 Bc5b4
47.Nb7d8 c5
48.Kg4 Bb4d2
49.h5 Kg7
50.Nd8b7 Bd2b4
51.Kf4 Bb4d2
52.Kf3 Bd2b4
53.Ke4 Kg8
54.g6 { resign }
1-0

[Event "Match"]
[Site "www.echecsemail.com"]
[Date "2015.09.01"]
[Round "1"]
[White "Azorau"]
[Black "Vitoriccardo"]
[WhiteElo "1920"]
[BlackElo "1760"]
[Result "0-1"]
[Round "1"]
1.e4 e6
2.Ng1f3 d5
3.Nf3e5 dxe4
4.Nb1c3 Ng8f6
5.d4 Bf8b4
6.Bc1d2 Nb8d7
7.Bf1b5 O-O
8.O-O Nd7xe5
9.dxe5 Bb4xc3
10.exf6 Bc3xf6
11.Rf1e1 b6
12.Bb5c6 Ra8b8
13.c3 Bc8b7
14.Bc6xe4 Bb7xe4
15.Re1xe4 Qd8d5
16.Qd1e1 Rb8d8
17.Bd2f4 Rd8d7
18.c4 Qd5c6
19.Ra1b1 Rf8d8
20.b4 Qc6xe4
21.Bf4xc7 Qe4xb1
{ resign }
0-1

[Event "Match"]
[Site "www.echecsemail.com"]
[Date "2015.09.01"]
[Round "1"]
[White "Olddog55"]
[Black "Katze"]
[WhiteElo "1710"]
[BlackElo "1599"]
[Result "1-0"]
[Round "1"]
1.d4 d5
2.Ng1f3 e6
3.e3 c5
4.b3 Ng8f6
5.Bf1d3 Nb8c6
6.Bc1b2 Bf8d6
7.Nf3e5 cxd4
8.exd4 O-O
9.O-O Qd8c7
10.f4 Nc6b4
11.Bd3e2  { time }
1-0

[Event "Match"]
[Site "www.echecsemail.com"]
[Date "2015.09.01"]
[Round "1"]
[White "Karlgrocer"]
[Black "Katze"]
[WhiteElo "1970"]
[BlackElo "1599"]
[Result "1-0"]
[Round "1"]
1.Ng1f3 d5
2.e3 c5
3.Bf1b5 Bc8d7
4.Bb5xd7 Nb8xd7
5.O-O e6
6.d4 Ng8f6
7.c3 Bf8e7
8.Nb1d2 O-O
9.dxc5  { time }
1-0

[Event "Match"]
[Site "www.echecsemail.com"]
[Date "2015.09.01"]
[Round "1"]
[White "Jhw"]
[Black "Hundegana"]
[WhiteElo "2059"]
[BlackElo "1960"]
[Result "0-1"]
[Round "1"]
1.d4 c5
2.c4 Qd8c7
3.Nb1c3 cxd4
4.Qd1xd4 Nb8c6
5.Qd4d1 e6
6.a3 Ng8f6
7.Ng1f3 a6
8.g3 d6
9.b4 Nc6e5
10.Nf3xe5 dxe5
11.e4 Bf8e7
12.Bf1d3 O-O
13.O-O Rf8d8
14.Qd1f3 b5
15.c5 Bc8b7
16.Bc1g5 Rd8d4
17.Bg5xf6 Be7xf6
18.Bd3xb5 Ra8d8
19.Bb5e2 h6
20.Ra1d1 Rd4xd1
21.Nc3xd1 Bf6g5
22.h4 Bg5d2
23.Kh2 f5
24.Be2c4 Qc7e7
25.Qf3h5 Bb7xe4
26.Qh5g6 Be4d5
27.Bc4xa6 Rd8a8
28.b5 Qe7xc5
29.a4 Qc5c4
30.Rf1g1 Qc4xa4
31.f4 exf4
32.g4 f3
33.Kh3 fxg4
34.Rg1xg4 Qa4a1
35.Nd1f2 Qa1f1
36.Kg3 Qf1g2
{ resign }
0-1

[Event "Match"]
[Site "www.echecsemail.com"]
[Date "2015.09.01"]
[Round "1"]
[White "Katze"]
[Black "Guidom"]
[WhiteElo "1599"]
[BlackElo "2250"]
[Result "0-1"]
[Round "1"]
1.Ng1f3 d5
2.d4 c6
3.c4 Ng8f6
4.cxd5 Qd8xd5
5.Nb1c3 Qd5a5
6.e3 Bc8g4
7.Bf1e2 Nb8d7
8.O-O e6
9.Bc1d2 Bf8d6
10.Nc3b5 Bd6b4
11.Bd2xb4 Qa5xb4
12.Nb5c7 Ke7
13.Nc7xa8 Rh8xa8
 { time }
0-1

[Event "Match"]
[Site "www.echecsemail.com"]
[Date "2015.09.01"]
[Round "1"]
[White "Wagner"]
[Black "Azorau"]
[WhiteElo "1670"]
[BlackElo "1910"]
[Result "0-1"]
[Round "1"]
1.e4 e5
2.d4 exd4
3.Qd1xd4 Nb8c6
4.Qd4e3 b6
5.c3 Bf8c5
6.Qe3f3 Nc6e5
7.Qf3g3 Qd8f6
8.Ng1f3 Ne5xf3
9.gxf3 d6
10.b4 Bc5d4
11.Bc1b2 Bd4e5
12.Qg3g2 Bc8b7
13.Nb1d2 Be5xc3
14.Bb2xc3 Qf6xc3
15.Ra1d1 g6
16.Bf1c4 Qc3xb4
17.Qg2g5 f6
18.Qg5e3 O-O-O
19.O-O Ng8e7
20.Qe3d4 d5
21.Rd1b1 Qb4d6
22.Rf1e1 dxc4
23.Qd4xd6 Rd8xd6
24.Nd2xc4 Rd6d4
25.Rb1b4 Ne7c6
26.Rb4a4 b5
27.Nc4b6 axb6
28.Ra4xd4 Nc6xd4
{ resign }
0-1

[Event "Match"]
[Site "www.echecsemail.com"]
[Date "2015.09.01"]
[Round "1"]
[White "Executive"]
[Black "Nefaste"]
[WhiteElo "1809"]
[BlackElo "1499"]
[Result "1-0"]
[Round "1"]
1.f4 g5
2.e3 f6
3.Nb1c3 Nb8a6
4.Nc3b1 Na6b8
5.Qd1g4 Nb8c6
6.Qg4e6 Nc6d4
7.Qe6g4 Nd4e2
8.Qg4f3 Ne2g3
9.Qf3e2 Ng3e4
10.Nb1c3 Ne4xc3
11.dxc3 Ng8h6
12.Qe2g4 Nh6f5
13.Qg4f3 Nf5d4
14.Qf3e2 Nd4f5
15.Qe2g4 Nf5d6
16.Qg4f3 Nd6b5
17.Qf3g4 Nb5a3
18.Qg4f3 Na3b5
19.Qf3g4 Nb5a3
20.Qg4f3 { resign }
1-0